000 00851nam a2200301Ia 4500
001 B3419
003 IT-RoPAU
008 130308s9999 xx 000 0 und d
040 _aIT-RoPAU
040 _cIT-RoPAU
041 _aFRANCESE
100 _aWehinger Brunhilde
100 _gCodice Aut. SPICS: 37622
245 _aUne saison theatrale a Paris sous le second empire
245 _bApproches de L'Opera-Approaches Of The Opera
250 _a1a ed.
260 _aPARIS
260 _bDidier Erudition
260 _c1986 [1° Ed.:1986 - Ed.Ling.Originale:1986]
300 _a"4 p. (prefazione: no ; testo: 4 [pagine: 323-326])"
500 _aStagione Teatrale a Parigi sotto Il Secondo Impero.
650 _aGENERI MUSICALI
650 _eCodice materia Spics: 7010
942 _cBK
957 _71
999 _c59602
_d59602
999 _bSI
999 _g1